étymologie des mots - Statistiques

Statistiques générales
  • Ce quiz a été pris 337 fois
  • Le résultat moyen est 11 sur 13
Statistiques - réponses
Définition Etymologie Mot actuel % Correct
« jour favorable, temps heureux » Bon jor Bonjour
100%
« région géographique habitée, plus ou moins nettement délimitée » Païs Pays
99%
« embarcation dont on se sert principalement sur les rivières » Batel Bateau
96%
« objet d'enfants » Jüez Jouet
96%
« agréable au toucher » Dulce Doux
94%
« enfant né de mêmes parents » Fradre Frère
94%
« explication » Soluciun Solution
93%
« substance pulvérulente due à la désagrégation de certaines roches » Soble Sable
88%
« se battre contre quelqu'un » Soi cumbatre a Combattre
87%
« Sers à indiquer quelque chose » Deie Doigt
61%
« végétal de la famille des cucurbitacés » Cucurbita Courge
60%
« fruit d'une plante de la famille des broméliacées » Amanat Ananas
52%
« mammifère domestique » Por Cochon
50%
Aucun quiz correspondant
Distribution des résultats
% des personnes avec chaque résultat
Percentile par nombre de réponses
Votre historique - résultats
Vous n’avez pas pris ce quiz